Geology and ground-water resources of the Camp Shelby area, (Record no. 27956)

MARC details
000 -LEADER
fixed length control field 01210cam a22003131 4500
001 - CONTROL NUMBER
control field gs 44000043
003 - CONTROL NUMBER IDENTIFIER
control field DLC
005 - DATE AND TIME OF LATEST TRANSACTION
control field 20260227111349.0
008 - FIXED-LENGTH DATA ELEMENTS--GENERAL INFORMATION
fixed length control field 760622s1944 msuabdf b 000 0 eng
010 ## - LIBRARY OF CONGRESS CONTROL NUMBER
LC control number gs 44000043
035 ## - SYSTEM CONTROL NUMBER
System control number (OCoLC)2274049
040 ## - CATALOGING SOURCE
Original cataloging agency DLC
Transcribing agency OT
Modifying agency OCoLC
-- DLC
042 ## - AUTHENTICATION CODE
Authentication code premarc
050 00 - LIBRARY OF CONGRESS CALL NUMBER
Classification number QE129
Item number .A2 no. 58
082 ## - DEWEY DECIMAL CLASSIFICATION NUMBER
Classification number (557.62) 551.49
100 1# - MAIN ENTRY--PERSONAL NAME
Personal name Brown, Glen F.
Fuller form of name (Glen Francis),
Dates associated with a name 1911-
245 10 - TITLE STATEMENT
Title Geology and ground-water resources of the Camp Shelby area,
Statement of responsibility, etc. by Glen Francis Brown ...
260 ## - PUBLICATION, DISTRIBUTION, ETC.
Place of publication, distribution, etc. University, Miss.,
Date of publication, distribution, etc. 1944.
300 ## - PHYSICAL DESCRIPTION
Extent 72 p.
Other physical details front. (fold. map) illus., fold. plates, tables (part fold.)
Dimensions 23 cm.
410 20 - SERIES STATEMENT/ADDED ENTRY--CORPORATE NAME [OBSOLETE, CAN/MARC], [LOCAL, USA]
Corporate name or jurisdiction name as entry element Mississippi Geological, Economic, and Topographical Survey
Title of a work Bulletin
Volume number/sequential designation 58
500 ## - GENERAL NOTE
General note "In cooperation with the United States Geological survey and the Mobile United States Engineer office."
504 ## - BIBLIOGRAPHY, ETC. NOTE
Bibliography, etc. note "References": p. 50.
650 #0 - SUBJECT ADDED ENTRY--TOPICAL TERM
Topical term or geographic name entry element Geology
Geographic subdivision Mississippi
-- Forrest County.
650 #0 - SUBJECT ADDED ENTRY--TOPICAL TERM
Topical term or geographic name entry element Groundwater
Geographic subdivision Mississippi
-- Forrest County.
650 #0 - SUBJECT ADDED ENTRY--TOPICAL TERM
Topical term or geographic name entry element Water-supply
Geographic subdivision Mississippi
-- Forrest County.
651 #0 - SUBJECT ADDED ENTRY--GEOGRAPHIC NAME
Geographic name Camp Shelby (Miss.)
710 2# - ADDED ENTRY--CORPORATE NAME
Corporate name or jurisdiction name as entry element Geological Survey (U.S.)
710 1# - ADDED ENTRY--CORPORATE NAME
Corporate name or jurisdiction name as entry element United States.
Subordinate unit Army.
-- Corps of Engineers.

No items available.

Powered by Koha